=LDR 00000nam 2200000 4500 =001 INLIS000000000035396 =005 20130612141245 =008 ***********************************ind** =035 ##$$0010-061300000035396 =041 ##$$a ind =082 ##$$a 621.382 =090 ##$$a 621.382, usm p =245 ##$$a Pengantar ilmu Telekomunikasi, Uke kurniawan Usman =260 ##$$a 2008 $b bandung =300 ##$$a VIII,310 hlm, ilus, 24 cm =650 ##$$a telekomunikasi,Tekhnik =850 ##$$a NBPNMAT =990 ##$$a 0001/BPAP-NTB/2016